Лидерская позиция в современном обществе; Молодой ученый; № 11

Sonraí bibleagrafaíochta
Parent link:Молодой ученый: ежемесячный научный журнал.— , 2008-
№ 11.— 2015.— [С. 1185-1187]
Príomhchruthaitheoir: Гутарева Н. Ю. Надежда Юрьевна
Údar corparáideach: Национальный исследовательский Томский политехнический университет (ТПУ) Институт природных ресурсов (ИПР) Кафедра иностранных языков (ИЯПР)
Achoimre:Заглавие с экрана
Нельзя пренебрегать актуальностью изучения и сравнительного анализа разных типов личности человека, одна из которых может быть отнесена к лидерам. Наша задача - определить роль лидерской позиции личности человека в современном обществе, ее перспективы и основные характеристики. Для достижения поставленной цели использованы общетеоретические методы. Результатом этого исследования является подтверждение факта, касающегося необходимости и важности учета потенциала и способностей лидера во всех сферах жизни общества. Выводами статьи могут послужить предложения по изучению процессов и особенностей взаимодействия лидера с другими представителями социума и его оценки.
Teanga:Rúisis
Foilsithe / Cruthaithe: 2015
Sraith:Технические науки
Ábhair:
Rochtain ar líne:http://www.moluch.ru/archive/91/19541/
http://elibrary.ru/item.asp?id=23610430
Formáid: Leictreonach Caibidil leabhair
KOHA link:https://koha.lib.tpu.ru/cgi-bin/koha/opac-detail.pl?biblionumber=643467

MARC

LEADER 00000nla0a2200000 4500
001 643467
005 20250221154413.0
035 |a (RuTPU)RU\TPU\network\8459 
035 |a RU\TPU\network\8457 
090 |a 643467 
100 |a 20150910d2015 k||y0rusy50 ca 
101 0 |a rus 
102 |a RU 
135 |a drcn ---uucaa 
181 0 |a i  
182 0 |a b 
200 1 |a Лидерская позиция в современном обществе  |f Н. Ю. Гутарева 
203 |a Текст  |c электронный 
225 1 |a Технические науки 
300 |a Заглавие с экрана 
320 |a [Библиогр.: с. 1187 (6 назв.)] 
330 |a Нельзя пренебрегать актуальностью изучения и сравнительного анализа разных типов личности человека, одна из которых может быть отнесена к лидерам. Наша задача - определить роль лидерской позиции личности человека в современном обществе, ее перспективы и основные характеристики. Для достижения поставленной цели использованы общетеоретические методы. Результатом этого исследования является подтверждение факта, касающегося необходимости и важности учета потенциала и способностей лидера во всех сферах жизни общества. Выводами статьи могут послужить предложения по изучению процессов и особенностей взаимодействия лидера с другими представителями социума и его оценки. 
461 |t Молодой ученый  |o ежемесячный научный журнал  |d 2008- 
463 |t № 11  |v [С. 1185-1187]  |d 2015 
610 1 |a электронный ресурс 
610 1 |a труды учёных ТПУ 
610 1 |a лидеры 
610 1 |a культура 
610 1 |a позиции 
610 1 |a лидерство 
610 1 |a харизма 
610 1 |a статус 
610 1 |a успех 
610 1 |a личность 
610 1 |a современное общество 
700 1 |a Гутарева  |b Н. Ю.  |c лингвист  |c доцент Томского политехнического университета, кандидат педагогических наук  |f 1979-  |g Надежда Юрьевна  |3 (RuTPU)RU\TPU\pers\27885  |9 12901 
712 0 2 |a Национальный исследовательский Томский политехнический университет (ТПУ)  |b Институт природных ресурсов (ИПР)  |b Кафедра иностранных языков (ИЯПР)  |3 (RuTPU)RU\TPU\col\18662 
801 2 |a RU  |b 63413507  |c 20150910  |g RCR 
856 4 0 |u http://www.moluch.ru/archive/91/19541/ 
856 4 0 |u http://elibrary.ru/item.asp?id=23610430 
942 |c CF